00269nam a22001097a 4500008004100000020001800041041000800059080000800067100000700075101000800082245006900090181217b xxu||||| |||| 00| 0 eng d a9780415167093 aeng a316 a50 aSOC aSocial Perspective In Lesbian And Gay StudiescPeter.M.N